Einstein's universe /

Bibliographic Details
Main Author: Calder, Nigel, 1931-2014
Format: Book
Language:English
Published: New York : Viking Press, 1979.
Subjects:

MARC

Tag First Indicator Second Indicator Subfields
LEADER 00000pam a2200000 i 4500
001 in00000078167
005 20160107140017.0
008 781103s1979 nyuaf 00110 eng
010 |a  78026087  
020 |a 0670290769 
035 |a (OCoLC)04494506 
035 |9 AAJ6270AM 
040 |a DLC  |c DLC  |d m.c.  |d TXA  |d UtOrBLW 
049 |a TXAM  |c 1 [1502631], 2 [1542304] 
050 0 0 |a QC173.55  |b .C34 
082 0 |a 521 
100 1 |a Calder, Nigel,  |d 1931-2014. 
245 1 0 |a Einstein's universe /  |c Nigel Calder. 
264 1 |a New York :  |b Viking Press,  |c 1979. 
300 |a 154 pages, 5 unnumbered leaves of plates :  |b illustrations ;  |c 24 cm. 
336 |a text  |b txt  |2 rdacontent 
337 |a unmediated  |b n  |2 rdamedia 
338 |a volume  |b nc  |2 rdacarrier 
500 |a Includes index. 
650 0 |a Relativity (Physics) 
650 0 |a Astrophysics. 
650 0 |a Cosmology. 
999 |a MARS 
999 f f |s c5c36809-19f6-3be1-a405-603a8d420582  |i c360a00a-a65a-3c03-bda7-0decea27c0a1  |t 0 
952 f f |p ric  |a Texas A&M University  |b Rellis Campus  |c Joint Library Facility  |d Remote Storage  |t 0  |e QC173.55 .C34  |h Library of Congress classification  |i unmediated -- volume  |m A14804606520 
998 f f |a QC173.55 .C34  |t 0  |l Remote Storage